000 00476nam a22001457a 4500
005 20251015102210.0
008 251015b |||||||| |||| 00| 0 eng d
040 _aNational Science Library
_cNational Science Library
080 _a351.71:621.3
_bQ3
245 _aGeneral specifications for electrical works
_c/ Central Public Works Department
260 _aNew Delhi:
_bCentral Public Works Department,
_c2013
300 _aix, 130p.
650 _aScience
942 _2udc
_cREP
999 _c67849
_d67849